All foreign players NEC Nijmegen - Statistics

General Stats
  • This quiz has been taken 21 times
  • The average score is 23 of 173
Answer Stats
Hint Answer % Correct
Lasse Schöne
56%
Koki Ogawa
50%
Kodai Sano
44%
Magnus Mattsson
38%
Ali Akman
31%
Björn Vleminckx
31%
Oussama Tannane
31%
Brad Jones
25%
Brayann Pereira
25%
David Jones
25%
Édgar Barreto
25%
Ferdi Kadıoğlu
25%
Jonathan Okita
25%
Lars Olden Larsen
25%
Souffian El Karouani
25%
Wilfried Bony
25%
Wojciech Golla
25%
Alexis Tibidi
19%
Anthony Limbombe
19%
Chris Eagles
19%
Danny Vuković
19%
Gábor Babos
19%
Hannes Halldórsson
19%
Jonas Olsson
19%
Julian Von Haacke
19%
Kalle Johnsson
19%
Krisztián Vadócz
19%
Landry Dimata
19%
Mathias Ross
19%
Rober González
19%
Rodrigo Guth
19%
Samuel Štefánik
19%
Todd Kane
19%
Zico Tumba
19%
Abdisalam Ibrahim
13%
Ádám Hrepka
13%
Admir Bajrović
13%
Alireza Jahanbakhsh
13%
André Fomitschow
13%
Andri Baldursson
13%
Andrzej Niedzielan
13%
Antti Sumiala
13%
Arek Radomski
13%
Ayhan Tumani
13%
Bahnou Diarra
13%
Bart Buysse
13%
Bart Van Den Eede
13%
Bastian Weiser
13%
Benito Kemble
13%
Benjamin Kirsten
13%
Brett Holman
13%
Charles Kazlauskas
13%
Christian Santos
13%
Christoph Hemlein
13%
Daní Fernández
13%
Danzell Gravenberch
13%
Dario Đumić
13%
Dejan Govedarica
13%
Dennis Rommedahl
13%
Dominique Kivuvu
13%
Dzevdet Sainoski
13%
Erik Stock
13%
Erton Fejzullahu
13%
Etien Velikonja
13%
Fabian Gmeiner
13%
Frank Sturing
13%
Georgi Hristov
13%
Gregor Breinburg
13%
Günther Vanaudenaerde
13%
Iván Márquez
13%
Jakob Jantscher
13%
Janio Bikel
13%
Jaromír Šimr
13%
Jellert Van Landschoot
13%
Jhon Van Beukering
13%
Jordan Larsson
13%
Joris Delle
13%
Josef Kvída
13%
Jürgen Jendrossek
13%
Kevin Conboy
13%
Kévin Mayi
13%
Khalid Sinouh
13%
Kristján Emilsson
13%
Krzysztof Bociek
13%
Lasse Nielsen
13%
Lorenzo Davids
13%
Manfred Priewe
13%
Marcel Appiah
13%
Marcel Stutter
13%
Márton Eppel
13%
Mathias Bossaerts
13%
Mathias De Wolf
13%
Michael Heinloth
13%
Michael Higdon
13%
Mich D'Avray
13%
Mihai Roman
13%
Mikael Dyrestam
13%
Mike Owusu
13%
Miko Vanhamel
13%
Mostapha El Kabir
13%
Muhammed Mert
13%
Niki Zimling
13%
Oliver Zelenika
13%
Pavel Čmovš
13%
Pedro Marques
13%
Pedro Ruiz
13%
Pieter Collen
13%
Quincy Owusu-Abeyie
13%
Rangelo Janga
13%
Reagy Ofosu
13%
Rémy Amieux
13%
Ryan Koolwijk
13%
Saïd Boutahar
13%
Saïdi Ntibazonkiza
13%
Sam Lundholm
13%
Sánchez Torres
13%
Søren Rieks
13%
Steeven Langil
13%
Stefan Mauk
13%
Taiwo Awoniyi
13%
Terell Ondaan
13%
Thibo Baeten
13%
Thomas Chatelle
13%
Tininho
13%
Tobias Haitz
13%
Victor Pálsson
13%
Youssef El Akchaoui
13%
Zoltán Szélesi
13%
Adam Arnarson
6%
Adnan Šećerović
6%
Aldro
6%
Ali Messaoud
6%
Brian Wilsterman
6%
Carlos
6%
Daði Bergsson
6%
David Mitchell
6%
Dimitri Davidović
6%
Duncan Pratt
6%
Furkan Alakmak
6%
Günter Kurek
6%
Henk Liotart
6%
Herbert Bönnen
6%
Janusz Kowalik
6%
Jean Black
6%
Joël Tshibamba
6%
John Frandsen
6%
Jörg Sobiech
6%
José Valencia
6%
Karim Fachtali
6%
Kevin Bukusu
6%
Leroy Labylle
6%
Marcel Ritzmaier
6%
Marnick Vermijl
6%
Michael Den Heijer
6%
Mike Trésor
6%
Mikkel Dueland
6%
Milano Koenders
6%
Moises Bicentini
6%
Naïm Aarab
6%
Ned Bulatović
6%
Nicholas Skverer
6%
Oleg Putilo
6%
Paolo Sabak
6%
Pavel Mikhalevitch
6%
Ratislav Mores
6%
Remko Bicentini
6%
Selim Sönmez
6%
Shapoul Ali
6%
Suently Alberto
6%
Tobias Czesnik
6%
Ulrich Crüden
6%
Ulrich Surau
6%
Youssef Rossi
6%
No matching quizzes found
Score Distribution
Percent of People with Each Score
Percentile by Number Answered
Your Score History
You have not taken this quiz